| 000 | 01158cab a2200337 4500 | ||
|---|---|---|---|
| 001 | ABS57581 | ||
| 008 | 090401t1997 xxu||||| |||| 00| 0 eng d | ||
| 035 | _a(Sirsi) u80719 | ||
| 041 | _aeng | ||
| 245 | _aDistribution | ||
| 260 | _c1997 | ||
| 350 | _a0 | ||
| 490 |
_aProperty Week _vSupplement September 1997 (60) LOAN |
||
| 520 | _aSeries of articles on distribution property covering the growth in speculative sheds, the conversion of sheds, pre-let warehouses, the performance of the sector, development by distributors, the increase in rail freight, high-bay warehouses and a look at the future. | ||
| 650 | _aDISTRIBUTION INDUSTRY | ||
| 650 | _aDISTRIBUTION MARKET | ||
| 650 | _aDISTRIBUTION PROPERTY | ||
| 650 | _aFUTURE | ||
| 650 | _aGAZELEY PROPERTIES | ||
| 650 | _aHIGH BAY WAREHOUSES | ||
| 650 | _aINVESTMENT MARKET | ||
| 650 | _aLAMBERT SMITH HAMPTON | ||
| 650 | _aOCCUPIERS REQUIREMENTS | ||
| 650 | _aOCCUPIERS | ||
| 650 | _aRAIL FREIGHT TERMINALS | ||
| 650 | _aRAIL FREIGHT | ||
| 650 | _aWORKSPACE GROUP | ||
| 690 | _aPROPERTY-COMMERCIAL PROPERTY-COMMERCIAL PROPERTY MARKET | ||
| 942 | _n0 | ||
| 948 | _c08/09/1997 | ||
| 999 |
_c50820 _d50820 |
||